| 000 | 00681nam a2200241 a 4500 | ||
|---|---|---|---|
| 999 |
_c717 _d717 |
||
| 001 | 717 | ||
| 003 | BD-JhCC | ||
| 005 | 20171011123018.0 | ||
| 008 | 171009s2010 ii a|||| |||| 000 0 eng d | ||
| 020 | _a9788131307861 | ||
| 035 | _a(BD-JhCC) 717 | ||
| 040 |
_aBD-JhCC _dBD-JhCC |
||
| 041 | _aeng | ||
| 082 |
_222 _a004.03 _bBAN 2010 |
||
| 100 | _aBansal, S. K. | ||
| 245 |
_aEncyclopedia of computer science & information technology : _cS. K. Bansal _bdictionary of IT temrm / |
||
| 260 |
_aNew Delhi : _bA P H Publ. Corp., _c2010. |
||
| 300 |
_avii, 333 p. v-10 : _bill, _c22 cm. |
||
| 650 | _aInformation technology | ||
| 650 | _aComputers | ||
| 942 |
_2ddc _cBK |
||